Welcome to CU Library Online Public Access Catalogue (OPAC)

Goldfrank's toxicologic emergencies / (Record no. 3028)

MARC details
000 -LEADER
fixed length control field 01410cam a22003614a 4500
001 - CONTROL NUMBER
control field 14312333
005 - DATE AND TIME OF LATEST TRANSACTION
control field 20250124133312.0
008 - FIXED-LENGTH DATA ELEMENTS--GENERAL INFORMATION
fixed length control field 060323s2006 nyua b 001 0 eng
020 ## - INTERNATIONAL STANDARD BOOK NUMBER
International Standard Book Number 0071437630 (alk. paper)
020 ## - INTERNATIONAL STANDARD BOOK NUMBER
International Standard Book Number 0071479147
020 ## - INTERNATIONAL STANDARD BOOK NUMBER
International Standard Book Number 0071443118 (OLC Card)
020 ## - INTERNATIONAL STANDARD BOOK NUMBER
International Standard Book Number 9780071437639
050 00 - LIBRARY OF CONGRESS CALL NUMBER
Classification number RA1224.5
Item number .G65 2006
082 00 - DEWEY DECIMAL CLASSIFICATION NUMBER
Classification number 615.9
Edition information 22
245 00 - TITLE STATEMENT
Title Goldfrank's toxicologic emergencies /
Statement of responsibility, etc. [edited by] Neal E. Flomenbaum ... [et al.].
250 ## - EDITION STATEMENT
Edition statement 8th ed.
260 ## - PUBLICATION, DISTRIBUTION, ETC.
Place of publication, distribution, etc. New York :
Name of publisher, distributor, etc. McGraw-Hill, Medical Pub. Division,
Date of publication, distribution, etc. c2006.
300 ## - PHYSICAL DESCRIPTION
Extent xxxii, 1981 p. :
Other physical details ill. ;
Dimensions 28 cm.
650 #0 - SUBJECT ADDED ENTRY--TOPICAL TERM
Topical term or geographic name entry element Toxicological emergencies.
650 #0 - SUBJECT ADDED ENTRY--TOPICAL TERM
Topical term or geographic name entry element Toxicological emergencies
Form subdivision Case studies.
650 12 - SUBJECT ADDED ENTRY--TOPICAL TERM
Topical term or geographic name entry element Emergencies
Form subdivision Case Reports.
650 12 - SUBJECT ADDED ENTRY--TOPICAL TERM
Topical term or geographic name entry element Emergencies
Form subdivision Examination Questions.
650 12 - SUBJECT ADDED ENTRY--TOPICAL TERM
Topical term or geographic name entry element Poisoning
Form subdivision Case Reports.
650 12 - SUBJECT ADDED ENTRY--TOPICAL TERM
Topical term or geographic name entry element Poisoning
Form subdivision Examination Questions.
650 22 - SUBJECT ADDED ENTRY--TOPICAL TERM
Topical term or geographic name entry element Poisons
Form subdivision Case Reports.
650 22 - SUBJECT ADDED ENTRY--TOPICAL TERM
Topical term or geographic name entry element Poisons
Form subdivision Examination Questions.
700 1# - ADDED ENTRY--PERSONAL NAME
Personal name Goldfrank, Lewis R.,
Dates associated with a name 1941-
700 1# - ADDED ENTRY--PERSONAL NAME
Personal name Flomenbaum, Neal.
856 42 - ELECTRONIC LOCATION AND ACCESS
Materials specified Contributor biographical information
Uniform Resource Identifier <a href="http://www.loc.gov/catdir/enhancements/fy0669/2006044926-b.html">http://www.loc.gov/catdir/enhancements/fy0669/2006044926-b.html</a>
856 42 - ELECTRONIC LOCATION AND ACCESS
Materials specified Publisher description
Uniform Resource Identifier <a href="http://www.loc.gov/catdir/enhancements/fy0669/2006044926-d.html">http://www.loc.gov/catdir/enhancements/fy0669/2006044926-d.html</a>
856 41 - ELECTRONIC LOCATION AND ACCESS
Materials specified Table of contents only
Uniform Resource Identifier <a href="http://www.loc.gov/catdir/enhancements/fy0669/2006044926-t.html">http://www.loc.gov/catdir/enhancements/fy0669/2006044926-t.html</a>
942 ## - ADDED ENTRY ELEMENTS (KOHA)
Source of classification or shelving scheme Library of Congress Classification
Koha item type Books
Edition 8th ed.
Suppress in OPAC No
999 ## -
-- 3028
-- 3028
Holdings
Withdrawn status Lost status Source of classification or shelving scheme Damaged status Not for loan Collection Home library Current library Shelving location Date acquired Total checkouts Full call number Barcode Date last seen Copy number Price effective from Koha item type
    Library of Congress Classification     Non-fiction Science Library (Miotso) Science Library (Miotso) General stacks 01/24/2025   RA1224 .G65 GOL SLM00002412 01/24/2025 1 01/24/2025 Books
    Library of Congress Classification     Non-fiction Science Library (Miotso) Science Library (Miotso) General stacks 01/24/2025   RA1224 .G65 GOL SLM00002413 01/24/2025 2 01/24/2025 Books
    Library of Congress Classification     Non-fiction Science Library (Miotso) Science Library (Miotso) General stacks 01/24/2025   RA1224 .G65 GOL SLM00002414 01/24/2025 3 01/24/2025 Books
    Library of Congress Classification     Non-fiction Science Library (Miotso) Science Library (Miotso) General stacks 01/24/2025   RA1224 .G65 GOL SLM00002415 01/24/2025 4 01/24/2025 Books
    Library of Congress Classification     Non-fiction Science Library (Miotso) Science Library (Miotso) General stacks 01/24/2025   RA1224 .G65 GOL SLM00002416 01/24/2025 5 01/24/2025 Books
    Library of Congress Classification     Non-fiction Science Library (Miotso) Science Library (Miotso) General stacks 01/24/2025   RA1224 .G65 GOL SLM00002417 01/24/2025 6 01/24/2025 Books
    Library of Congress Classification     Non-fiction Science Library (Miotso) Science Library (Miotso) General stacks 01/24/2025   RA1224 .G65 GOL SLM00002418 01/24/2025 7 01/24/2025 Books
    Library of Congress Classification     Non-fiction Science Library (Miotso) Science Library (Miotso) General stacks 01/24/2025   RA1224 .G65 GOL SLM00002419 01/24/2025 8 01/24/2025 Books
© 2023-2024 Copyright: Central University Libraries. All Rights Reserved | Created by: Mahone Tech Office